Most Populous Countries Formerly in the Roman Empire - Statistics

General Stats
  • This quiz has been taken 20 times
  • The average score is 13 of 15
Answer Stats
Population (2025) Post-Roman Empire Country % Correct
59.1 Million Italy
100%
118 Million Egypt
95%
87.7 Million Türkiye
95%
69.6 Million United Kingdom
95%
47.4 Million Algeria
89%
66.7 Million France
89%
84.1 Million Germany
89%
144 Million Russia
89%
47.9 Million Spain
89%
38.4 Million Morocco
84%
34.6 Million Saudi Arabia
84%
92.4 Million Iran
79%
47 Million Iraq
74%
39 Million Ukraine
74%
25.6 Million Syria
63%
No matching quizzes found
Score Distribution
Percent of People with Each Score
Percentile by Number Answered
Your Score History
You have not taken this quiz